000 00290nam a22001337a 4500
008 170516b xxu||||| |||| 00| 0 eng d
020 _a0139493069
041 _aeng
080 _23RD
_a94 (7/8)
100 _a16
101 _aSHH
245 _aOUT OF MANY
_cFARAGHER,J.M
942 _2udc
_cBK
999 _c13379
_d13379